Cargando...

Understanding the Consumer

Detalles Bibliográficos
Autor principal: Szmigin, Isabelle
Formato: Printed Book
Publicado: Response Books, New Delhi 2003
Materias:
LEADER 00533nam a2200193 4500
020 |a 8178293323  |c 280 
082 |a 658.8342 SZM 
100 |a Szmigin, Isabelle 
245 |a Understanding the Consumer  |c Szmigin, Isabelle 
250
260 |a Response Books, New Delhi  |c 2003 
300 |a 202 p 
490
500
590
650 |a Consumer behaviour 
942 |c BK 
999 |c 138798  |d 138798 
952 |0 0  |1 0  |4 0  |6 658_834200000000000_SZM  |7 0  |9 152258  |a IMK  |b IMK  |g 280.00  |l 0  |o 658.8342 SZM  |p IMK05804  |r 2019-10-25  |w 2019-10-25  |y BK